The Flash Metahumans - Statistics

General Stats
  • This quiz has been taken 210 times
  • The average score is 12 of 36
Answer Stats
Hint Answer % Correct
Superspeed Reverse Flash
79%
Main metahuman Flash
78%
Dark speedster Zoom
76%
Dimensional Energy manipulation Vibe
74%
Ape with superhuman strength Grodd
67%
Weather manipulation Weather Wizard
67%
Cryokinesis Killer Frost
56%
Shark physiology King Shark
56%
Nuclear Physiology Firestorm
54%
Gas mimicry The Mist
46%
Organic steel transformation Girder
44%
Teleportation Peek-A-Boo
42%
Explosion touch Plastique
42%
Female with velocity 9 enhancement Trajectory
38%
Cellular replication Multiplex
36%
Electrokinesis Blackout
35%
Vibrational blasts Reverb
35%
Tar generation Tar Pit
35%
Shapeshifting Everyman
29%
Organic sand transformation Sand Demon
28%
Radiokinesis Atom Smasher
27%
Photokinesis Dr. Light
23%
Pathokinesis Rainbow Raider
22%
Kinetic energy absorption Turtle
21%
Geokinesis Geomancer
20%
Nuclear Pyrokinesis Deathstorm
19%
Plasma generation Deathbolt
13%
Superhuman strength Griffin Grey
13%
Superhuman hearing Hartley Rathaway
9%
Hydrophysiology Hydro Hunter
8%
Pathokinesis Mr. Bliss
8%
Soviet union lady with pyrokinesis Soviet firestorm
8%
Energy absorption Tokamak
8%
Substance creation Double Down
6%
Superhuman strength Joey Rose
6%
Telekinesis Rajeet
6%
No matching quizzes found
Score Distribution
Percent of People with Each Score
Percentile by Number Answered
Your Score History
You have not taken this quiz